00294nam a2200121Ia 4500008004100000100001600041245004100057260002900098300000900127650001400136942000700150999001500157190216s9999||||xx |||||||||||||| ||und|| aJohn Dunlop 0aEconomic Growth In The United States bCentral Book Depotc1961 a394p aEconomics cBK c9187d9187